Представление документа в формате MARC21

Поле Инд. ПП Название Значение
Тип записи a
Библиографический уровень m
001 Контрольный номер a4b3d1b5-fc11-498f-a910-f3c3786451e5
005 Дата корректировки 20220920101540.2
008 Кодируемые данные 040818
020 a ISBN 5-279-02386-8
040 a Служба первич. каталог. НБ ТвГУ
041 0_ a Код языка текста rus
080 a Индекс УДК 174(075.8)
084 a Индекс другой классификации/Индекс ББК Ю705.4я73-1
090 x Авторский знак Б 86
a Полочн. индекс Ю705.4
100 1_ a Автор Ботавина Римма Николаевна
e Роль лиц Автор
245 10 a Заглавие Этика деловых отношений
b Продолж. заглавия учебное пособие для студентов, обучающихся по экономическим специальностям
c Ответственность Р. Н. Ботавина
260 0_ a Место издания Москва
b Издательство Финансы и статистика
c Дата издания 2003
300 a Объем 203, [3] с.
504 a Библиография Библиогр.: с. 205
653 0_ a Ключевые слова Деловое общение
a Ключевые слова Деловая этика
a Ключевые слова Профессиональная этика
a Ключевые слова Управленческая этика
a Ключевые слова Этика
a Ключевые слова Учебники для вузов
852 41 i Расстановочный признак Проверка 2022
901 t Тип документа m
920 a Оператор Поля
a Оператор Петр
930 a Новая/Ретро ретро
952 c Вид литературы К ру
954 a Дата поступления на обработку 20050303
e Дата перешифровки 20220311
954 a Дата поступления на обработку 20220920